| 000 | 00741nam a2200217 i 4500 | ||
|---|---|---|---|
| 001 | 112785 | ||
| 003 | ES-MaACL | ||
| 005 | 20250804062544.0 | ||
| 007 | t| | ||
| 008 | 061121s1971 sp r ||||1| spa d | ||
| 100 | 1 |
_aNietzsche, Friedrich, _d1844-1900 _985718 |
|
| 245 | 1 | 3 |
_aLa genealogía de la moral _b: un escrito polémico / _cFriedrich Nietzsche ; introducción, traducción y notas de Andrés Sánchez Pascual. |
| 260 |
_aMadrid : _bAlianza, _c1971. |
||
| 300 |
_a205 p. ; _c18 cm. |
||
| 490 | 1 |
_aEl libro de bolsillo ; _v356 |
|
| 650 | 7 |
_aÉtica _2embne _912577 |
|
| 700 | 1 |
_aSánchez Pascual, Andrés. _9102833 |
|
| 830 | 0 | 3 |
_aEl libro de bolsillo _v356 _9177802 |
| 852 |
_aES-MaACL _jC-49655 _bR.80256 |
||
| 999 |
_c112785 _d112785 |
||